[Event "ROM-ch U10"]
[Site "Calimanesti"]
[Date "2014.04.13"]
[Round "9"]
[White "Nitu, Darius Mihai"]
[Black "Pontos, Silviu Andrei"]
[Result "1-0"]
[WhiteElo "1001"]
[BlackElo "1225"]
[PlyCount "75"]
[EventDate "2014.04.06"]
[EventType "swiss"]
[EventRounds "9"]
[EventCountry "ROU"]
[SourceTitle "CBM 160 Extra"]
[Source "ChessBase"]
[SourceDate "2014.07.01"]
[SourceVersion "1"]
[SourceVersionDate "2014.07.01"]
[SourceQuality "1"]

1. d4 d5 2. Nf3 Bg4 3. e3 e6 4. Nc3 Bb4 5. Bd2 a6 6. Bd3 Nf6 7. 0-0 0-0 8. a3 Bxc3 9. Bxc3 Nc6 10. b4 Ne4 11. Bb2 Ng5 12. Be2 Qf6 13. h4 Nxf3+ 14. Bxf3 Bxf3 15. Qxf3 Qxh4 16. Rfe1 h6 17. Rac1 Qd8 18. c4 dxc4 19. Rxc4 Rc8 20. Qg3 g6 21. Qh3 h5 22. Rd1 Qd5 23. Rc5 Qd6 24. e4 e5 25. Rd5 Qe7 26. dxe5 Rcd8 27. Qc3 Qh4 28. e6 f6 29. e7 Nxe7 30. Rxd8 Rxd8 31. Rxd8+ Kf7 32. e5 fxe5 33. Qxe5 c6 34. Rd7 b5 35. Qd6 Qg5 36. Qxc6 Qh4 37. Qd5+ Kf8 38. Rd8# 1-0

[Event "ROM-ch U10"]
[Site "Calimanesti"]
[Date "2014.04.10"]
[Round "6"]
[White "Circiumaru, Octavian Cristian"]
[Black "Nitu, Darius Mihai"]
[Result "0-1"]
[WhiteElo "1001"]
[BlackElo "1001"]
[PlyCount "81"]
[EventDate "2014.04.06"]
[EventType "swiss"]
[EventRounds "9"]
[EventCountry "ROU"]
[SourceTitle "CBM 160 Extra"]
[Source "ChessBase"]
[SourceDate "2014.07.01"]
[SourceVersion "1"]
[SourceVersionDate "2014.07.01"]
[SourceQuality "1"]

1. e4 e5 2. Nf3 Nc6 3. Bb5 a6 4. Bxc6 dxc6 5. Nxe5 Qd4 6. Qh5 Qxe4+ 7. Kf1 Be6 8. Nc3 Qxc2 9. d3 Bc5 10. Ne4 g6 11. Qf3 f5 12. Nxc5 Qxc5 13. Bd2 Qxe5 14. Bc3 Qd5 15. Qxd5 Bxd5 16. Re1+ Kd7 17. Bxh8 Ne7 18. Bf6 Be6 19. g3 Rd8 20. f3 c5 21. Kg2 Re8 22. Re2 Ng8 23. Bh8 Bxa2 24. Rxe8 Kxe8 25. Re1+ Kd7 26. Ra1 Bd5 27. Ra5 Kc6 28. Bg7 g5 29. Kf2 Kd6 30. Bc3 Ne7 31. Ra3 Nc6 32. h3 h5 33. g4 fxg4 34. fxg4 hxg4 35. hxg4 Be6 36. Kf3 Bd5+ 37. Kg3 c4 38. d4 Nxd4 39. Bd2 Bc6 40. b3 Bb5 41. Be3 0-1